Statistics for Capitals of South America

Click here to take the quiz!

General Stats

  • This quiz has been taken 11 times
  • The average score is 9 of 12

Answers on the Map

Answers color-coded by a green-red scale on the quiz's map according to % correct below.
 

Answer Stats

Answer% Correct
Brasilía
100%
Buenos Aires
91%
Santiago
91%
Caracas
82%
La Paz
82%
Lima
82%
Montevideo
82%
Quito
82%
Asunción
73%
Bogota
73%
Georgetown
55%
Paramaribo
27%

Score Distribution

Percentile by Number Answered

Percent of People with Each Score

Your Score History

You have not taken this quiz